Statistics for Name The Country That... #1

Click here to take the quiz!

General Stats

  • This quiz has been taken 1,147 times
  • The average score is 9 of 13

Answer Stats

QuestionAnswer% Correct
Borders PortugalSpain
95%
Country that begins with Z that ISN'T ZimbabweZambia
95%
Athens is their capital cityGreece
94%
Begins with OOman
92%
Country that has "The Star Of David" on its flagIsrael
91%
Most populated country with free speechIndia
87%
Second smallest countryMonaco
84%
Most populated African country BEHIND NigeriaEthiopia
78%
Southernmost point in the worldChile
74%
Least guessed country on JetPunkNauru
51%
Highest life expectancy countrySwitzerland
32%
Begins with "B" and has Chicken Machboos as their national dishBahrain
29%
Orange, Blue, and White on their flagMarshall Islands
14%

Score Distribution

Percentile by Number Answered

Percent of People with Each Score

Your Score History

You have not taken this quiz